Понятия и идеи институциональной экономики. Вып. 2 (Запись № 928333)

Подробности
000 -МАРКЕР
контрольное поле 01746nam2a2200325 4500
001 - ИДЕНТИФИКАТОР ЗАПИСИ
контрольное поле RU\NLR\bibl\164548
005 - ИДЕНТИФИКАТОР ВЕРСИИ
контрольное поле 20250618054540.0
010 ## - МЕЖДУНАРОДНЫЙ СТАНДАРТНЫЙ НОМЕР КНИГИ (ISBN)
Номер (ISBN) 5-215-00783-7
Тираж 150
021 ## - НОМЕР ГОСУДАРСТВЕННОЙ РЕГИСТРАЦИИ
Код страны Российская Федерация
Номер 2000-34954
Номер Листа государственной регистраци 1621
035 ## - ДРУГИЕ СИСТЕМНЫЕ НОМЕРА
Идентификатор записи (NLR Aleph) 000161393
100 ## - ДАННЫЕ ОБЩЕЙ ОБРАБОТКИ
Данные общей обработки 20010622d1999 |||y0rusy50 ca
101 0# - ЯЗЫК РЕСУРСА
Язык текста, звукозаписи и т.д. русский
102 ## - СТРАНА ПУБЛИКАЦИИ ИЛИ ПРОИЗВОДСТВА
Страна публикации Российская Федерация
105 ## - ПОЛЕ КОДИРОВАННЫХ ДАННЫХ: ТЕКСТОВЫЕ МАТЕРИАЛЫ, МОНОГРАФИЧЕСКИЕ
Кодированные данные о монографическом текстовом документе a |||||||||
200 0# - ЗАГЛАВИЕ И СВЕДЕНИЯ ОБ ОТВЕТСТВЕННОСТИ
Основное заглавие Вып. 2
Первые сведения об ответственности Д.э.н., проф. В.Ф. Пресняков, к.э.н., доц. Б.А. Ерзнкян, д.э.н., проф. В.Г. Гребенников, к.э.н., доц. В.В. Зотов
Последующие сведения об ответственности Ин-т подгот. науч.-пед. кадров
210 ## - ПУБЛИКАЦИЯ, РАСПРОСТРАНЕНИЕ И ДР.
Дата издания, распространения и т.д. 1999
Место издания, распространения и т.д. Б. м.
215 ## - ФИЗИЧЕСКАЯ ХАРАКТЕРИСТИКА
Специфическое обозначение материала и объем 263 с.
Другие сведения о физической характеристике ил.
Размеры 21
320 ## - ПРИМЕЧАНИЯ О НАЛИЧИИ В ДОКУМЕНТЕ БИБЛИОГРАФИИ / УКАЗАТЕЛЯ
Текст примечания Библиогр. в конце разделов
461 #0 - УРОВЕНЬ НАБОРА
Встроенное поле 001RU\NLR\bibl\83132
-- 2001#$aПонятия и идеи институциональной экономики$vВып. 2
Системный номер (АБИС) связанной записи 452090
Место публикации М.
Дата публикации 1999
Первые сведения об ответственности Акад. РАН Д.С.Львов, д.э.н., проф. А.А.Зарнадзе, чл.-корр. РАН В.И.Маевский, д.э.н., проф. Г.Б.Клейнер
Имя издателя, распространителя и т.д. ГУУ
Сведения, относящиеся к заглавию Пробл. лекции для аспирантов всех спец.
Заглавие Понятия и идеи институциональной экономики
Номер тома Вып. 2
701 #1 - ИМЯ ЛИЦА - АЛЬТЕРНАТИВНАЯ ОТВЕТСТВЕННОСТЬ
Начальный элемент ввода Пресняков
Часть имени, кроме начального элемента ввода В. Ф.
Расширение инициалов личного имени Василий Федорович
Код отношения Автор
701 #1 - ИМЯ ЛИЦА - АЛЬТЕРНАТИВНАЯ ОТВЕТСТВЕННОСТЬ
Начальный элемент ввода Ерзнкян
Часть имени, кроме начального элемента ввода Б. А.
Расширение инициалов личного имени Баграт Айкович
Код отношения Автор
701 #1 - ИМЯ ЛИЦА - АЛЬТЕРНАТИВНАЯ ОТВЕТСТВЕННОСТЬ
Начальный элемент ввода Гребенников
Часть имени, кроме начального элемента ввода В. Г.
Расширение инициалов личного имени Валерий Григорьевич
Код отношения Автор
701 #1 - ИМЯ ЛИЦА - АЛЬТЕРНАТИВНАЯ ОТВЕТСТВЕННОСТЬ
Начальный элемент ввода Зотов
Часть имени, кроме начального элемента ввода В. В.
Расширение инициалов личного имени Валерий Григорьевич
Код отношения Автор
801 #0 - ИСТОЧНИК ЗАПИСИ
Страна Российская Федерация
Организация NLR
Дата составления 20010622
Правила каталогизации PSBO
801 #1 - ИСТОЧНИК ЗАПИСИ
Страна Российская Федерация
Организация NLR
Дата составления 20010622
830 ## - ОБЩЕЕ ПРИМЕЧАНИЕ, СОСТАВЛЕННОЕ КАТАЛОГИЗАТОРОМ
Текст примечания Авт. по кн
942 ## - ДОПОЛНИТЕЛЬНЫЕ ЭЛЕМЕНТЫ ЗАПИСИ (АБИС)
Тип экземпляра АБИС Книга
980 ## - КОЛЛЕКЦИЯ
Название коллекции Национальная библиография
Экземпляры
Тип экземпляра Дата поступления Источник поступления Библиотека постоянного хранения Библиотека текущего хранения Место хранения Шифр хранения Штрих-код Статус экземпляра
Книга 22.06.2001 Обязательный экземпляр РНБ (Московский) РНБ (Московский) Русский книжный фонд: издания с 1957 года 2000-3/1664 133646  
Книга 22.06.2001 Обязательный экземпляр РНБ (Московский) РНБ (Московский) Русский книжный фонд: издания с 1957 года 2000-3/1664 133649